000 00400nam a2200157 a 4500
005 20140310183209.0
008 030207s19uu xx 00 eng d
050 _aPS 3563.A319
_b.M821 1979
100 _aMoore, Robin
245 _aThe big paddle /
_cRobin Moore.
260 _aNew York :
_bDell,
_c1979.
300 _a298 p. :
_c18 cm.
650 _aFiction.
942 _cBK
_2lcc
999 _c20075
_d20075